Länder mit 2 Farben auf der Flagge - Sudden Death - Statistiken

Allgemein
  • Dieses Quiz wurde 163 mal gespielt
  • Das Durchschnittsergebnis liegt bei 6 aus 12
Answers on the Grid
Answers color-coded by a green-red scale on the quiz's grid according to % correct below.
Deutschland
Japan
Griechenland
Schweden
Island
Tonga
Malta
Bhutan
Vatikanstadt
Pakistan
Peru
Kuwait
Kasachstan
Botswana
Samoa
Liechtenstein
Honduras
Bahrain
Guinea
Marokko
St. Lucia
Lettland
Guatemala
Mongolei
Nigeria
 
Antwortstatistiken
Antwort % Korrekt
Japan
96%
Griechenland
90%
Schweden
88%
Peru
46%
Lettland
45%
Nigeria
44%
Marokko
43%
Pakistan
40%
Bahrain
38%
Kasachstan
36%
Honduras
32%
Tonga
27%
Keine übereinstimmenden Quizze gefunden
Verteilung der Resultate
Anzahl Personen mit jedem Resultat
Perzentil nach korrekt beantworteten Fragen
Ihre Resultats-Entwicklung
Sie haben dieses Quiz noch nicht gespielt